Normal view MARC view
  • Module 13 B2

Entry Personal Name

Number of records used in: 1

001 - CONTROL NUMBER

  • control field: 118538

003 - CONTROL NUMBER IDENTIFIER

  • control field: NUST

005 - DATE AND TIME OF LATEST TRANSACTION

  • control field: 20231025151341.0

008 - FIXED-LENGTH DATA ELEMENTS

  • fixed length control field: 231025|| aca||aabn | a|a d

040 ## - CATALOGING SOURCE

  • Original cataloging agency: NUST
  • Transcribing agency: NUST

100 ## - HEADING--PERSONAL NAME

  • Personal name: Module 13 B2

670 ## - SOURCE DATA FOUND

  • Source citation: Work cat.: (NUST): Module 13 B2, Aircraft Structures and Systems/, 2015.
© 2023 Central Library, National University of Sciences and Technology. All Rights Reserved.